000 00240nam a2200109Ia 4500
005 20251222114339.0
008 251222s1900||||xx |||||||||||||| ||spa||
082 _aDVD0060/J39/2001/Ej.2
245 0 _aAmélie
264 _bFrance 3
942 _cDVD
999 _c780
_d780